| 000 | 00364nam a22001457a 4500 | ||
|---|---|---|---|
| 020 | _qHB. | ||
| 040 | _cFIZZA ISHAQ | ||
| 082 |
_a004.6 _bTHO |
||
| 100 |
_aRICARDO,PUTTINI THOMAS ERL. _989748 |
||
| 245 |
_aCLOUD COMPUTING / _cERL THOMAS PUTTINI RICARDO. |
||
| 250 | _a1st ED. | ||
| 260 |
_aNEW YORK ; _bPEARSON, _c2013. |
||
| 300 | _a489 P. ; | ||
| 942 |
_2ddc _cBK |
||
| 999 |
_c588330 _d588330 |
||